Statistiques concernant Les 20 villes les plus peuplées des Landes

Cliquez ici pour prendre le quiz!

Statistiques générales

  • Ce quiz a été pris 48 fois
  • Le résultat moyen est 9 sur 20

Statistiques - réponses

PopulationsVilles% Correct
21 347Dax
91%
30 674Mont-de-Marsan
91%
9 185Capbreton
70%
7 364Mimizan
67%
14 551Biscarosse
61%
14 317Saint-Paul-lès-Dax
58%
12 920Tarnos
55%
9 871Saint-Pierre-du-Mont
48%
6 220Aire-sur-l'Adour
45%
3 900Seignosse
42%
7 956Saint-Vincent-de-Tyrosse
36%
4 983Saint-Sever
33%
8 421Soustons
33%
5 855Ondres
30%
7 195Parentis-en-Born
30%
6 076Saint-Martin-de-Seignanx
30%
7 007Labenne
27%
4 989Morcenx-la-Nouvelle
27%
4 582Sanguinet
15%
4 620Hagetmau
12%

Distribution des résultats

Percentile par nombre de réponses

% des personnes avec chaque résultat

Votre développement - résultats

Vous n’avez pas pris ce quiz